LIBRARY & INFORMATION CENTRE, KCAET, TAVANUR

ONLINE PUBLIC ACCESS CATALOGUE (OPAC)

Statistics / (Record no. 129)

MARC details
000 -LEADER
fixed length control field 00451cam a2200193ua 4500
041 ## - LANGUAGE CODE
Language code of text/sound track or separate title eng
082 ## - DEWEY DECIMAL CLASSIFICATION NUMBER
Classification number 519.5
Item number VEN/ST
100 ## - MAIN ENTRY--AUTHOR NAME
Personal name Venkatesan, K .
245 ## - TITLE STATEMENT
Title Statistics /
250 ## - EDITION STATEMENT
Edition statement 1 /
260 ## - PUBLICATION, DISTRIBUTION, ETC. (IMPRINT)
Place of publication Chennai :
Name of publisher The National Publishing Co ,
Year of publication 1965.
300 ## - PHYSICAL DESCRIPTION
Number of Pages 471 ; .
942 ## - ADDED ENTRY ELEMENTS (KOHA)
Koha item type Books
Holdings
Withdrawn status Lost status Damaged status Home library Current library Date acquired Cost, normal purchase price Full call number Accession Number Koha item type
Withdrawn     KAUAET KAUAET 07/04/2012 7.50 519.5 VEN/ST 7777 Books
Withdrawn     KAUAET KAUAET 07/04/2012 7.50 519.5 VEN/ST 7770 Books
free website counter